I'm with you (Avril Lavigne) - lyrics - Statistics

General Stats
  • This quiz has been taken 71 times
    68 since last reset
  • The average score is 244 of 266
Answer Stats
Answer % Correct
a
100%
are
100%
I
100%
I'm
100%
me
100%
the
100%
with
100%
you
100%
but
98%
by
98%
dont
98%
don't
98%
hand
98%
know
98%
so
98%
take
98%
Take
98%
to
98%
who
98%
new
95%
No
95%
no
95%
out
95%
somewhere
95%
find
93%
home
93%
in
93%
Is
93%
is
93%
It's
93%
on
93%
somebody
93%
cold
90%
damn
90%
figure
90%
this
90%
come
88%
dark
88%
here
88%
life
88%
night
88%
trying
88%
Trying
88%
anyone
85%
be
85%
nothing
85%
There's
85%
there's
85%
now
83%
that
83%
waiting
83%
Wont
83%
footsteps
78%
ground
78%
Isn't
78%
my
78%
of
78%
rain
78%
sound
78%
standing
78%
bridge
76%
why
76%
Yeah
76%
yeah
76%
alone
73%
And
73%
listening
73%
mind
73%
one
73%
thought
73%
you'd
73%
for
71%
anybody
68%
looking
68%
mess
68%
right
68%
everything
66%
going
66%
nothing's
63%
searching
63%
confusing
61%
everything's
61%
likes
61%
just
59%
Maybe
59%
Cause
56%
face
56%
oh
56%
place
56%
No matching quizzes found
Score Distribution
Percent of People with Each Score
Percentile by Number Answered
Your Score History
You have not taken this quiz since the last reset